History Quiz

Random History or Nation Quiz

Countries of the Russian/Soviet Empires Quiz Stats

 Plays Quiz Updated Jul 13, 2016

Challenge
Share
Tweet
Embed
Score 0/30 Timer 07:00
10 Plays Today
Years in Empire Modern Country % Correct
1667-1991Ukraine
93.5%
1815-1916Poland
93.5%
1547-PresentRussia
93.5%
1710-1991Latvia
90.6%
1795-1991Lithuania
89.6%
1710-1991Estonia
88.9%
1945-1990Germany
87.8%
1802-1991Georgia
85.7%
1714-1956Finland
85.1%
1871-1955China
84.8%
1793-1991Belarus
84.6%
1799-1991Kazakhstan
84.1%
1769-1947Romania
83.2%
1868-1991Uzbekistan
81%
1881-1991Turkmenistan
80.2%
Years in Empire Modern Country % Correct
1944-1947Hungary
79.9%
1878-1917Turkey
79.5%
1828-1991Armenia
77%
1806-1991Azerbaijan
76.7%
1944-1947Bulgaria
75.7%
1808Sweden
75.3%
1895-1991Tajikistan
75.1%
1854-PresentJapan
74.5%
1812-1991Moldova
72.9%
1876-1991Kyrgyzstan
71.3%
1945-1955Austria
68.4%
1945-1948North Korea
66.7%
1799-1867United States
62.1%
1770-1807Greece
61.2%
1806-1807Montenegro
28%

You're not logged in!

Compare scores with friends on all Sporcle quizzes.
Join for Free
OR
Log In

You Might Also Like...

Show Comments

Extras

Top Quizzes Today


Score Distribution

Your Account Isn't Verified!

In order to create a playlist on Sporcle, you need to verify the email address you used during registration. Go to your Sporcle Settings to finish the process.

Report this User

Report this user for behavior that violates our Community Guidelines.

Details: